| 000 | 00591nam a2200205 a 4500 | ||
|---|---|---|---|
| 001 | 18103 | ||
| 003 | CO-ViMGA | ||
| 008 | 141112s2004 ck r 000 u spa d | ||
| 020 | _a8420445479 | ||
| 040 |
_aCO-ViMGA _bspa _cCO-ViMGA |
||
| 082 | 0 | 4 | _aDAHb |
| 100 | 1 |
_aDahl, Roald _921034 |
|
| 245 | 1 | 0 | _aBoy (Relatos de infancia) |
| 260 |
_aMadríd (España), _cAlfaguara, _c2002 |
||
| 300 | _a190.p. | ||
| 490 | _aserie roja | ||
| 590 |
_aForma de adquisición : Premio - Mincultura; compra 2005 - - Precio : _20.250 Ej.1 |
||
| 650 | 1 | 4 |
_aCUENTOS INFANTILES INGLESES _915884 |
| 942 |
_2ddc _cBK |
||
| 999 |
_c27478 _d27478 |
||